Central America Countries - Statistics

General Stats
  • This quiz has been taken 160 times
  • The average score is 6 of 9
Answers on the Map
Answers color-coded by a green-red scale on the quiz's map according to % correct below.
 
Answer Stats
Answer % Correct
Mexico
96%
Belize
77%
Panama
70%
Guatemala
68%
Costa Rica
62%
Nicaragua
62%
el salvador
60%
Honduras
55%
Jamacia
53%
No matching quizzes found
Score Distribution
Percent of People with Each Score
Percentile by Number Answered
Your Score History
You have not taken this quiz